Sinopsis de enfermedades infecciosas y tropicales / (Record no. 133651)

MARC details
000 -LEADER
campo de control de longitud fija 00699nam a2200205 i 4500
001 - NÚMERO DE CONTROL
campo de control 133651
003 - IDENTIFICADOR DE NÚMERO DE CONTROL
campo de control ES-MaACL
005 - FECHA Y HORA DE LA ÚLTIMA TRANSACCIÓN
campo de control 20250721200221.0
007 - CAMPO FIJO DE DESCRIPCIÓN FÍSICA--INFORMACIÓN GENERAL
campo de control de longitud fija t|
008 - DATOS DE LONGITUD FIJA--INFORMACIÓN GENERAL
campo de control de longitud fija 070823s1971 sp ||||1| spa d
100 1# - ENTRADA PRINCIPAL--NOMBRE DE PERSONA
Nombre de persona Woodruff, A. W.
9 (RLIN) 117332
245 10 - MENCIÓN DEL TÍTULO
Título Sinopsis de enfermedades infecciosas y tropicales /
Mención de responsabilidad, etc. por A. W. Woodruff y S. Bell ; [versión de Ramiro de la Mata Pagés].
260 ## - PUBLICACIÓN, DISTRIBUCIÓN, ETC.
Lugar de publicación, distribución, etc. Barcelona :
Nombre del editor, distribuidor, etc. Ed. Científico-Médica,
Fecha de publicación, distribución, etc. 1971.
300 ## - DESCRIPCIÓN FÍSICA
Extensión XI, 677 p. ;
Dimensiones 19 cm.
650 17 - PUNTO DE ACCESO ADICIONAL DE MATERIA--TÉRMINO DE MATERIA
Término de materia o nombre geográfico como elemento de entrada Enfermedades infecciosas
Fuente del encabezamiento o término embne
9 (RLIN) 135986
700 1# - ENTRADA AGREGADA--NOMBRE PERSONAL
Nombre de persona Bell, S.
9 (RLIN) 27183
700 1# - ENTRADA AGREGADA--NOMBRE PERSONAL
Nombre de persona Mata Pagés, Ramiro de la.
9 (RLIN) 78895
852 ## - LOCALIZACIÓN
Ubicación ES-MaACL
Número de control de estantería C-39327
Sublocalización o colección R.79263
Holdings
Estatus retirado Estado de pérdida Estado de daño No para préstamo Biblioteca de origen Biblioteca actual Ubicación en estantería Fecha de adquisición Fuente de adquisición Total de préstamos Signatura topográfica completa Código de barras Visto por última vez Precio de reemplazo Tipo de ítem Koha
        Biblioteca del Ateneo de Madrid Biblioteca del Ateneo de Madrid Depósito 2 17/01/2008     C-39327 1139130 23/02/2023 23/02/2023 Libro impreso